Doing business in the new Indonesia
Wedi'i Gadw mewn:
| Fformat: | Llyfr |
|---|---|
| Iaith: | Undetermined |
| Cyhoeddwyd: |
New York
Business International
1968
|
| Tagiau: |
Ychwanegu Tag
Dim Tagiau, Byddwch y cyntaf i dagio'r cofnod hwn!
|
| Thư viện lưu trữ: | Trung tâm Học liệu Trường Đại học Cần Thơ |
|---|
| LEADER | 00397nam a2200145Ia 4500 | ||
|---|---|---|---|
| 001 | CTU_107738 | ||
| 008 | 210402s9999 xx 000 0 und d | ||
| 082 | |a 330.991 | ||
| 082 | |b D657 | ||
| 245 | 0 | |a Doing business in the new Indonesia | |
| 260 | |a New York | ||
| 260 | |b Business International | ||
| 260 | |c 1968 | ||
| 904 | |i Bạch Trúc | ||
| 980 | |a Trung tâm Học liệu Trường Đại học Cần Thơ | ||